Americanos por adopción / (Record no. 118093)

MARC details
000 -LEADER
campo de control de longitud fija 00540nam a2200181 4500
001 - NÚMERO DE CONTROL
campo de control 118093
003 - IDENTIFICADOR DE NÚMERO DE CONTROL
campo de control ES-MaACL
005 - FECHA Y HORA DE LA ÚLTIMA TRANSACCIÓN
campo de control 20230906191029.0
007 - CAMPO FIJO DE DESCRIPCIÓN FÍSICA--INFORMACIÓN GENERAL
campo de control de longitud fija t|
008 - DATOS DE LONGITUD FIJA--INFORMACIÓN GENERAL
campo de control de longitud fija 070214s1957 sp r ||||1| spa d
100 1# - ENTRADA PRINCIPAL--NOMBRE DE PERSONA
Nombre de persona Pellegrini, Angelo M.
9 (RLIN) 90060
245 10 - MENCIÓN DEL TÍTULO
Título Americanos por adopción /
Mención de responsabilidad, etc. Angelo M. pellegrini ; traducción de Montserrat Guasch.
250 ## - MENCION DE EDICION
Mención de edición [1ª ed.].
260 ## - PUBLICACIÓN, DISTRIBUCIÓN, ETC.
Lugar de publicación, distribución, etc. Madrid [etc.] :
Nombre del editor, distribuidor, etc. Garriga,
Fecha de publicación, distribución, etc. 1957.
300 ## - DESCRIPCIÓN FÍSICA
Extensión 270 p. ;
Dimensiones 21 cm.
700 1# - ENTRADA AGREGADA--NOMBRE PERSONAL
Nombre de persona Guasch, Montserrat.
9 (RLIN) 60357
852 ## - LOCALIZACIÓN
Ubicación ES-MaACL
Número de control de estantería C-12506
Sublocalización o colección R.40633
Holdings
Estatus retirado Estado de pérdida Estado de daño No para préstamo Biblioteca de origen Biblioteca actual Ubicación en estantería Fecha de adquisición Fuente de adquisición Total de préstamos Signatura topográfica completa Código de barras Visto por última vez Precio de reemplazo Tipo de ítem Koha
        Biblioteca del Ateneo de Madrid Biblioteca del Ateneo de Madrid Sala Palomar 17/01/2008     C-12506 1123113 23/02/2023 23/02/2023 Libro impreso